000 01279nam a2200289 i 4500
001 bg
100 1 _aRIORDAN, Rebecca
245 1 0 _aProjektowanie systemów relacyjnych baz danych /
_cRebecca M. Riordan ; [tł. Janusz Machowski].
246 _iTyt. oryg.:
_aDesigning relational database systems
260 _aWarszawa :
_b"RM",
_c2000.
300 _aXVII, [1], 276, [1] s. :
_bil. ;
_c24 cm + +
_eCD ROM.
500 _aTyt. oryg.: "Designing relational database systems" 1999. - Na okł. podtyt.: nauka projektowania niezawodnych relacyjnych baz danych, projektowanie profesjonalnych baz danych z wykorzystaniem narzędzi Microsoftu : dla tych, którzy chcą wiedzieć więcej.
504 _aBibliogr. - Indeks.
650 9 _aBaza danych relacyjna
_xprojekty
655 _aPodręczniki
700 1 _aMACHOWSKI, Janusz.
_eTł.
015 _aPB 22475/2000
020 _a8372431035
040 _cBPK
041 1 _apol
_heng
080 _a004.652.001.13/.14(07)
920 _a83-7243-103-5
942 _cKS
008 s pl f |000 0 pol
856 _uhttp://koha.tu.koszalin.pl/cgi-bin/koha/opac-detail.pl?biblionumber=46181
_yKatalog online BPK
999 _c46181
_d46181